Normal view
MARC view
- Waqar Azeem
Entry Personal Name
001 - CONTROL NUMBER
- control field: 47543
003 - CONTROL NUMBER IDENTIFIER
- control field: NUST
005 - DATE AND TIME OF LATEST TRANSACTION
- control field: 20210314133839.0
008 - FIXED-LENGTH DATA ELEMENTS
- fixed length control field: 210314|| aca||aabn | a|a d
040 ## - CATALOGING SOURCE
- Original cataloging agency: NUST
- Transcribing agency: NUST
100 ## - HEADING--PERSONAL NAME
- Personal name: Waqar Azeem
670 ## - SOURCE DATA FOUND
- Source citation: Work cat.: (NUST): Waqar Azeem, Estimation and Computer Aided Scheduling of multi-Storey Building (E - Type Apartments), 2013.
